书目信息 |
| 题名: |
尚书
|
|
| 作者: | 孔丘 编 ;蔡景仙 译注 | |
| 分册: | ||
| 出版信息: | 北京 中国工人出版社 2016 |
|
| 页数: | 183页 | |
| 开本: | 24cm | |
| 丛书名: | 中华传统文化经典普及文库 | |
| 单 册: | ||
| 中图分类: | K221.04 | |
| 科图分类: | ||
| 主题词: | 商周时代--shang zhou shi dai--历史--史料 | |
| 电子资源: | ||
| ISBN: | 978-7-5008-6470-7 | |
| 000 | 01031nam0 22002891 450 | |
| 001 | 0124140114 | |
| 005 | 20170324140114.0 | |
| 010 | @a978-7-5008-6470-7@dCNY26.00 | |
| 100 | @a20160824d2016 em y0chiy50 ea | |
| 101 | 0 | @achi |
| 102 | @aCN@b110000 | |
| 105 | @aa z 000yy | |
| 106 | @ar | |
| 200 | 1 | @a尚书@9shang shu@f(春秋)孔子编 |
| 210 | @a北京@c中国工人出版社@d2016 | |
| 215 | @a183页@c图@d24cm | |
| 225 | 2 | @a中华传统文化经典普及文库@9zhong hua chuan tong wen hua jing dian pu ji wen ku@v01 |
| 314 | @a封面题:蔡景仙译注 | |
| 330 | @a本书包括尧典、皐陶谟、禹贡、甘誓、汤誓、盘庚、洪范、大诰、康诰、酒诰、梓材、召诰、洛诰、多士、无逸、多方、立政等内容。 | |
| 461 | 0 | @12001 @a中华传统文化经典普及文库@v01 |
| 605 | @a《尚书》@Ashang shu@x注释 | |
| 606 | 0 | @a商周时代@9shang zhou shi dai@x历史@j史料 |
| 690 | @aK221.04@v5 | |
| 701 | 0 | @c(春秋)@a孔丘@9kong qiu@f(前551~前479)@4编 |
| 702 | 0 | @a蔡景仙@9cai jing xian@c(图书编辑)@4译注 |
| 801 | 0 | @aCN@bTANGWEI@c20170308 |
| 905 | @b0961502-4@dK221.04@e27@f3 | |
| 尚书/(春秋)孔子编.-北京:中国工人出版社,2016 |
| 183页:图;24cm.-(中华传统文化经典普及文库;01) |
| ISBN 978-7-5008-6470-7:CNY26.00 |
| 本书包括尧典、皐陶谟、禹贡、甘誓、汤誓、盘庚、洪范、大诰、康诰、酒诰、梓材、召诰、洛诰、多士、无逸、多方、立政等内容。 |
| ● |
| 相关链接 |
|
|
|
|
正题名:尚书
索取号:K221.04/27
 
预约/预借
| 序号 | 登录号 | 条形码 | 馆藏地/架位号 | 状态 | 备注 |
| 1 | 0961502 | 209615022 | 第二样本阅览室/ [索取号:K221.04/27] | 在馆 | |
| 2 | 0961503 | 209615031 | 第二借阅区/ [索取号:K221.04/27] | 在馆 | |
| 3 | 0961504 | 209615040 | 第二借阅区/ [索取号:K221.04/27] | 在馆 |